Zur unerlaubten Ausübung der Heilkunde durch gerichtspsychologische Institute in Sorgerechtsverfahren

Saved in:  
Bibliographic Details
Main Author: Arntzen, Friedrich 191X-2002 (Author)
Format: Print Article
Language:German
Published: 1989
In: Zentralblatt für Jugendrecht
Year: 1989, Volume: 76, Issue: 6, Pages: 281-282
Check availability: HBZ Gateway
Keywords:

MARC

LEADER 00000caa a22000002c 4500
001 1631415735
003 DE-627
005 20220607125423.0
007 tu
008 130314s1989 xx ||||| 00| ||ger c
035 |a (DE-627)1631415735 
035 |a (DE-576)379981653 
035 |a (DE-599)BSZ379981653 
040 |a DE-627  |b ger  |c DE-627  |e rakwb 
041 |a ger 
100 1 |a Arntzen, Friedrich  |d 191X-2002  |0 (DE-588)104627638  |0 (DE-627)524699526  |0 (DE-576)160106974  |4 aut 
109 |a Arntzen, Friedrich 191X-2002  |a Arntzen, F. 191X-2002 
245 1 0 |a Zur unerlaubten Ausübung der Heilkunde durch gerichtspsychologische Institute in Sorgerechtsverfahren  |c Friedrich Arntzen 
264 1 |c 1989 
336 |a Text  |b txt  |2 rdacontent 
337 |a ohne Hilfsmittel zu benutzen  |b n  |2 rdamedia 
338 |a Band  |b nc  |2 rdacarrier 
773 0 8 |i In  |t Zentralblatt für Jugendrecht  |d Köln : Bundesanzeiger-Verl.-Ges., 1984  |g 76(1989), 6, Seite 281-282  |w (DE-627)130396133  |w (DE-600)602443-9  |w (DE-576)015898326  |x 0176-6449  |7 nnas 
773 1 8 |g volume:76  |g year:1989  |g number:6  |g pages:281-282 
951 |a AR 
ELC |b 1 
LOK |0 000 xxxxxcx a22 zn 4500 
LOK |0 001 3282154062 
LOK |0 003 DE-627 
LOK |0 004 1631415735 
LOK |0 005 20260227093114 
LOK |0 008 130314||||||||||||||||ger||||||| 
LOK |0 040   |a DE-21-110  |c DE-627  |d DE-21-110 
LOK |0 689   |a s  |a Forensische Psychologie 
LOK |0 689   |a s  |a Sorgerechtsverfahren 
LOK |0 852   |z Kein Bestand am IfK; Nachweis für KrimDok 
LOK |0 852   |a DE-21-110 
LOK |0 852 1  |m v  |9 00 
LOK |0 935   |a k110 
LOK |0 938   |k v 
LOK |0 939   |a 14-03-13  |b l01 
ORI |a WA-MARC-krimdoka001.raw